[Event "try it"]
[Site "SchemingMind.com"]
[Date "2020.11.12"]
[Round "-"]
[White "maro"]
[Black "Exal Garcia-Carrillo"]
[Result "0-1"]
[WhiteCountry "MEX"]
[BlackCountry "MEX"]
[WhiteElo "1487"]
[WhiteRD "60"]
[BlackElo "1979"]
[BlackRD "82"]
[GameID "461834"]

1. d4 Nf6 2. c4 g6 3. Nc3 Bg7 4. e4 d6 5. f3 O-O 6. Nge2 e5 7. d5 Nh5 8. h4 f5 9. exf5 gxf5 10. Bg5 Qe8
11. g4 fxg4 12. fxg4 Bxg4 13. Bh3 Bxh3 14. Rxh3 Na6 15. a3 Nc5 16. Ng3 Nf4 17. Bxf4 Rxf4 18. Nh5 Rd4 19. Qf3 Nd3+ 20. Ke2 Qg6
21. Nxg7 Nf4+ 22. Ke1 Nxh3 23. Qxh3 Qg1+ 24. Qf1 Qxf1+ 25. Kxf1 Kxg7 26. Ne2 Rxh4 27. Ng3 Rxc4 28. Ke2 Rc2+ 29. Ke1 Rxb2 30. Ne4 Rf8
31. Rc1 c6 32. dxc6 bxc6 33. Nxd6 Rff2 34. Ne8+ Kg6 35. Rxc6+ Kg5 36. Nf6 Rxf6
0-1

[Event "try it"]
[Site "SchemingMind.com"]
[Date "2020.11.12"]
[Round "-"]
[White "Exal Garcia-Carrillo"]
[Black "maro"]
[Result "1-0"]
[WhiteCountry "MEX"]
[BlackCountry "MEX"]
[WhiteElo "1979"]
[WhiteRD "82"]
[BlackElo "1487"]
[BlackRD "60"]
[GameID "461835"]

1. d4 Nf6 2. c4 g6 3. Nc3 Bg7 4. e4 d6 5. f3 O-O 6. Bd3 c6 7. Be3 e5 8. d5 cxd5 9. Nxd5 Nxd5 10. cxd5 Qh4+
11. Bf2 Qh5 12. h4 f5 13. Ne2 f4 14. Qb3 b6 15. O-O-O Bd7 16. Rdg1 Rc8+ 17. Kb1 a5 18. Qxb6 Ra6 19. Bxa6 Nxa6 20. Qxa6 Bf6
21. Qxa5 Bd8 22. Qd2 Ba4 23. Qb4 Ra8 24. Qxd6 Qh6 25. Qxe5 Qf8 26. Bd4 Bf6 27. Qxf6
1-0

[Event "try it"]
[Site "SchemingMind.com"]
[Date "2020.11.07"]
[Round "-"]
[White "Phillip Beckett"]
[Black "Exal Garcia-Carrillo"]
[Result "0-1"]
[WhiteCountry "ENG"]
[BlackCountry "MEX"]
[WhiteElo "1502"]
[WhiteRD "53"]
[BlackElo "2043"]
[BlackRD "80"]
[GameID "461836"]

1. d4 Nf6 2. c4 g6 3. Nc3 Bg7 4. e4 d6 5. f3 O-O 6. Be3 e5 7. d5 Nbd7 8. Qd2 Nc5 9. h4 Nh5 10. g4 Ng3
11. Rh3 Nxf1 12. Kxf1 h5 13. Rg3 hxg4 14. fxg4 Qxh4 15. Qg2 Nd3 16. Bf2 Nxb2 17. Rh3 Qxg4 18. Rg3 Qh5 19. Nf3 Nd3 20. Ke2 Nf4+
0-1

[Event "try it"]
[Site "SchemingMind.com"]
[Date "2020.11.07"]
[Round "-"]
[White "Exal Garcia-Carrillo"]
[Black "Phillip Beckett"]
[Result "1-0"]
[WhiteCountry "MEX"]
[BlackCountry "ENG"]
[WhiteElo "2043"]
[WhiteRD "80"]
[BlackElo "1502"]
[BlackRD "53"]
[GameID "461837"]

1. d4 Nf6 2. c4 g6 3. Nc3 Bg7 4. e4 d6 5. f3 O-O 6. Be3 Nbd7 7. Bd3 e5 8. d5 Qe7 9. Nge2 Nc5 10. Bc2 Ne8
11. Qd2 a6 12. b4 Nd7 13. O-O f5 14. Bg5 Bf6 15. Bh6 Bg7 16. Bg5 Nef6 17. exf5 gxf5 18. Bxf5 h6 19. Bxh6 Nb6 20. Bxg7 Qxg7
21. Bxc8 Raxc8 22. f4 Nxc4 23. Qc1 exf4 24. Nxf4 Ne5 25. Ne6 Qg4 26. Nxf8 Rxf8 27. Qh6 Qd4+ 28. Kh1 Neg4 29. Qg5+ Kh7 30. Rae1 Qxc3
31. Re7+
1-0

[Event "try it"]
[Site "SchemingMind.com"]
[Date "2020.11.09"]
[Round "-"]
[White "Exal Garcia-Carrillo"]
[Black "Chessibelle"]
[Result "1-0"]
[WhiteCountry "MEX"]
[BlackCountry "ENG"]
[WhiteElo "1979"]
[WhiteRD "82"]
[BlackElo "1133"]
[BlackRD "61"]
[GameID "461838"]

1. d4 Nf6 2. c4 g6 3. Nc3 Bg7 4. e4 d6 5. f3 O-O 6. Bd3 Re8 7. Be3 b6 8. Qd2 Nc6 9. Nge2 Bd7 10. h4 h5
11. O-O e5 12. d5 Ne7 13. b4 Nh7 14. Bg5 f6 15. Be3 Kh8 16. a4 f5 17. a5 Bf6 18. g3 Rg8= 19. Kh2 g5 20. hxg5 Nxg5
21. f4 Nh7 22. axb6 cxb6 23. c5 Nc8 24. Ra2= Qe7 25. c6 Qg7 26. Rg1 Ne7 27. cxd7 Ng6 28. exf5 Ne7 29. Ne4 Nxf5 30. Nxf6 Qxf6
31. fxe5 dxe5 32. Raa1 Rg6 33. Raf1 Qd6 34. Bxf5 Rg7 35. Nd4 a6 36. Ne6 Rxd7 37. Ng5 Rg7 38. Nxh7 Qd7 39. Bxd7
1-0

[Event "try it"]
[Site "SchemingMind.com"]
[Date "2020.11.08"]
[Round "-"]
[White "Chessibelle"]
[Black "Exal Garcia-Carrillo"]
[Result "0-1"]
[WhiteCountry "ENG"]
[BlackCountry "MEX"]
[WhiteElo "1123"]
[WhiteRD "60"]
[BlackElo "2043"]
[BlackRD "80"]
[GameID "461839"]

1. d4 Nf6 2. c4 g6 3. Nc3 Bg7 4. e4 d6 5. f3 O-O 6. Nge2 e5 7. h3 exd4 8. Nxd4 Nbd7 9. Be2 Nh5 10. Rg1 Qh4+
11. Kd2 Bxd4 12. Rh1 Nf4 13. Bf1 f5 14. Qc2 Nc5 15. Ne2 Nxe2 16. Bxe2 fxe4 17. Kd1 exf3 18. Bf1 fxg2 19. Bxg2 Rf2 20. Bd2 Rxg2
21. Rf1 Qxh3 22. b3 Bxa1 23. a3 Bf5 24. Qa2 Qg4+ 25. Kc1 Nd3+ 26. Kc2 Nb4+
0-1